Food procsessin and preservation Part 1 & 2 (Record no. 14186)
[ view plain ]
| 000 -LEADER | |
|---|---|
| fixed length control field | 00302nam a22001217a 4500 |
| 020 ## - INTERNATIONAL STANDARD BOOK NUMBER | |
| ISBN | 8186095179 |
| 082 ## - DEWEY DECIMAL CLASSIFICATION NUMBER | |
| Classification number | 664.02 |
| Item number | BAK/FO |
| 100 ## - MAIN ENTRY--AUTHOR NAME | |
| Personal name | Bakshi,A |
| 245 ## - TITLE STATEMENT | |
| Title | Food procsessin and preservation Part 1 & 2 |
| 260 ## - PUBLICATION, DISTRIBUTION, ETC. (IMPRINT) | |
| Place of publication | New Delhi , |
| Name of publisher | Jagmender book Agency |
| Year of publication | 2023 |
| 300 ## - PHYSICAL DESCRIPTION | |
| Number of Pages | 441 |
| 942 ## - ADDED ENTRY ELEMENTS (KOHA) | |
| Koha item type | Books |
No items available.
